000 00371nam a22001337a 4500
005 20240930144506.0
008 240930b |||||||| |||| 00| 0 eng d
050 _aREF QA 76.6 .I581984
245 _aBASIC HANDBOOK- GENERAL PROGRAMMING INFORMATION
260 _c1984
300 _aA-
650 _aBuilding--Superintendence. Production scheduling.
942 _2lcc
_cREF
999 _c212372
_d212372